000 00286nam a22001217a 4500
008 170322b xxu||||| |||| 00| 0 eng d
041 _aeng
080 _25TH
_a616.12-008-073
100 _a7
101 _aSHM
245 _aPRACTICAL ELECTROCARDIOGRAPHY
_cMARRIOT, H.J.L
942 _2udc
_cBK
999 _c8305
_d8305